Music Quiz

Random Music Quiz

Independent Tour Cities Quiz Stats

 Plays Quiz not verified by Sporcle

Score 0/32 Timer 20:00
0 Plays Today
Hint Answer % Correct
Uniondale
90.6%
Philadelphia
84.6%
Charlotte
82.6%
Chicago
82.6%
St Paul
82.6%
Miami
81.9%
Raleigh
81.9%
St Louis
81.9%
Kansas City
81.9%
San Jose
81.2%
Seattle
81.2%
Detroit
80.5%
Denver
80.5%
Washington DC
79.9%
Winston Salem
79.9%
Austin
79.9%
Hint Answer % Correct
Las Vegas
79.9%
San Diego
79.9%
Anaheim
79.9%
Spokane
79.9%
Duluth
79.2%
Tampa
79.2%
Worcester
79.2%
Houston
79.2%
Los Angeles
79.2%
Salt Lake City
78.5%
Sacramento
77.9%
Columbus
77.2%
Grand Prairie
77.2%
Wilkes Barre
75.8%
Omaha
75.8%
Glendale
70.7%

You're not logged in!

Compare scores with friends on all Sporcle quizzes.
OR
Log In

Sporcle TV

Today on Sporcle TV


Watch our educational content, quiz creation guides, and fun videos on Sporcle TV.

Show Comments

Extras

Created Dec 13, 2014ReportNominate
Tags:Kelly Clarkson, let, love, Maroon 5, talk, tour

Top Quizzes Today


Score Distribution

Your Account Isn't Verified!

In order to create a playlist on Sporcle, you need to verify the email address you used during registration. Go to your Sporcle Settings to finish the process.

Report this User

Report this user for behavior that violates our Community Guidelines.

Details: